El mundo antiguo /

Guardado en:
Autor Principal: Glover, T. R.
Formato: Libro
Publicado: Argentina : Eudeba, 1968
Edición:2
Materias:
Etiquetas: Agregar Etiqueta
Sin Etiquetas, Sea el primero en etiquetar este registro!
LEADER 00655nam a22002175a 4500
001 CEM.cems002941
005 19000101000000.0
008 130507s1968##################000#0#####d
003 CEMS
082 0 4 |a 930 
100 1 |a Glover, T. R. 
245 1 0 |a El mundo antiguo /  |c T. R. Glover 
250 |a 2 
260 |a Argentina :  |b Eudeba,  |c 1968 
300 |a 391 p. 
653 |a Historia 
653 |a Historia antigua y medieval 
653 |a Historia judia 
859 |a CEMS  |b BIB. CEMS - 11 de abril  |h 930  |i G51a2  |p 14303.86  |t Ej.3 
859 |a CEMS  |b BIB. CEMS - 11 de abril  |h 930  |i G51a2  |p 1947.74  |t Ej.1 
859 |a CEMS  |b BIB. CEMS - 11 de abril  |h 930  |i G51a2  |p 3485.75  |t Ej.2